[Event "Norwegian Team Championship 2019"]
[Site "Drammen"]
[Date "2019.06.01"]
[Round "4.3"]
[White "Altarbosh, Ward"]
[Black "Getz, Nicolai"]
[Result "0-1"]
[WhiteElo "2250"]
[BlackElo "2380"]
[Annotator "ChessBase"]
[PlyCount "122"]
[EventDate "2019.05.30"]
[EventType "swiss"]
[EventCountry "NOR"]
[SourceTitle "playchess.com"]
[Source "ChessBase"]
[SourceQuality "1"]
[TimeControl "40/5400:1800"]

1. e4 {[%emt 0:00:11]} d6 {[%emt 0:00:06]} 2. d4 {[%emt 0:00:04]} Nf6 {[%emt 0:00:04]} 3. Nc3 {[%emt 0:00:04]} e5 {[%emt 0:00:06]} 4. Bg5 {[%emt 0:00:06]} Be7 {[%emt 0:03:24]} 5. Nf3 {[%emt 0:00:28]} Nbd7 {[%emt 0:00:50]} 6. Qd2 {[%emt 0:00:19]} c6 {[%emt 0:03:59]} 7. h4 {[%emt 0:00:19]} h6 {[%emt 0:02:10]} 8. dxe5 {[%emt 0:01:18]} dxe5 {[%emt 0:06:06]} 9. Bxf6 {[%emt 0:01:12]} Bxf6 {[%emt 0:00:32]} 10. g4 {[%emt 0:01:08]} Nc5 {[%emt 0:02:06]} 11. Qe3 {[%emt 0:00:42]} Qb6 {[%emt 0:03:17]} 12. Rg1 {[%emt 0:00:43]} Ne6 {[%emt 0:16:28]} 13. Qxb6 {[%emt 0:34:46]} axb6 {[%emt 0:00:06]} 14. O-O-O {[%emt 0:01:01]} g6 {[%emt 0:03:04]} 15. Bc4 {[%emt 0:00:11]} b5 {[%emt 0:01:41]} 16. Bb3 {[%emt 0:00:05]} Nc5 {[%emt 0:01:03]} 17. g5 {[%emt 0:01:22]} hxg5 {[%emt 0:00:35]} 18. hxg5 {[%emt 0:00:04]} Bg7 {[%emt 0:01:09]} 19. Kb1 {[%emt 0:02:20]} b4 {[%emt 0:04:57]} 20. Ne2 {[%emt 0:00:16]} Nxe4 {[%emt 0:00:41]} 21. Rde1 {[%emt 0:00:42]} Nxf2 {[%emt 0:06:20]} 22. Nf4 {[%emt 0:05:32]} Ng4 {[%emt 0:01:42]} 23. Nd3 {[%emt 0:01:03]} Ra5 {[%emt 0:03:14]} 24. Nd2 {[%emt 0:04:32]} Bf5 {[%emt 0:03:06]} 25. Nc4 {[%emt 0:02:44]} Rd5 {[%emt 0:00:36]} 26. Nxb4 {[%emt 0:02:38]} Rd4 {[%emt 0:00:56]} 27. a3 {[%emt 0:02:24]} Rh2 {[%emt 0:02:33]} 28. Ka2 {[%emt 0:00:52]} Kd8 {[%emt 0:03:11]} 29. c3 {[%emt 0:02:35]} Rd7 {[%emt 0:00:50]} 30. Rd1 {[%emt 0:05:26]} Nf2 {[%emt 0:04:22]} 31. Rxd7+ {[%emt 0:03:56]} Kxd7 {[%emt 0:00:05]} 32. Ne3 {[%emt 0:02:00]} Be6 {[%emt 0:00:12]} 33. Nf1 {[%emt 0:02:24]} Rh5 {[%emt 0:02:43]} 34. Rg2 {[%emt 0:04:00]} Ne4 {[%emt 0:00:16]} 35. Bxe6+ {[%emt 0:00:41]} Kxe6 {[%emt 0:00:07]} 36. Nd3 {[%emt 0:00:07]} Kd6 {[%emt 0:04:22]} 37. Nd2 {[%emt 0:01:04]} Nxd2 {[%emt 0:00:23]} 38. Rxd2 {[%emt 0:00:03]} Rxg5 {[%emt 0:00:24]} 39. b4 {[%emt 0:00:02]} b6 {[%emt 0:01:39]} 40. a4 {[%emt 0:00:23]} Kc7 {[%emt 0:00:18]} 41. a5 {[%emt 0:30:05]} bxa5 {[%emt 0:30:11]} 42. Nc5 {[%emt 0:00:01]} Rf5 {[%emt 0:00:00]} 43. Kb3 {[%emt 0:00:00]} axb4 {[%emt 0:00:00]} 44. cxb4 {[%emt 0:00:00]} Bf8 {[%emt 0:00:00]} 45. Rd7+ {[%emt 0:00:00]} Kc8 {[%emt 0:00:00]} 46. Ra7 {[%emt 0:00:00]} Bxc5 {[%emt 0:00:00]} 47. bxc5 {[%emt 0:00:00]} Rf4 {[%emt 0:00:00]} 48. Re7 {[%emt 0:00:00]} f6 {[%emt 0:00:00]} 49. Rg7 {[%emt 0:00:00]} g5 {[%emt 0:00:00]} 50. Kc3 {[%emt 0:00:00]} g4 {[%emt 0:00:00]} 51. Kb3 {[%emt 0:00:00]} Kd8 {[%emt 0:00:00]} 52. Kc3 {[%emt 0:00:00]} f5 {[%emt 0:00:00]} 53. Kb3 {[%emt 0:00:00]} Ke8 {[%emt 0:00:00]} 54. Kc3 {[%emt 0:00:00]} Kf8 {[%emt 0:00:00]} 55. Rg6 {[%emt 0:00:00]} Ke7 {[%emt 0:00:00]} 56. Kd3 {[%emt 0:00:00]} Rd4+ {[%emt 0:00:00]} 57. Ke2 {[%emt 0:00:00]} Kd7 {[%emt 0:00:00]} 58. Rf6 {[%emt 0:00:00]} f4 {[%emt 0:00:00]} 59. Rg6 {[%emt 0:00:00]} g3 {[%emt 0:00:00]} 60. Kf3 {[%emt 0:00:00]} Rd5 {[%emt 0:00:00]} 61. Rg7+ {[%emt 0:00:00]} Kc8 {[%emt 0:00:00]} 0-1

[Event "Norwegian Team Championship 2019"]
[Site "Drammen"]
[Date "2019.06.01"]
[Round "4.4"]
[White "Galinsky, Timofey"]
[Black "Kristiansen, Erling"]
[Result "1-0"]
[WhiteElo "2382"]
[BlackElo "2159"]
[Annotator "ChessBase"]
[PlyCount "57"]
[EventDate "2019.05.30"]
[EventType "swiss"]
[EventCountry "NOR"]
[SourceTitle "playchess.com"]
[Source "ChessBase"]
[SourceQuality "1"]
[TimeControl "40/5400:1800"]

1. Nf3 {[%emt 0:00:06]} Nf6 {[%emt 0:00:20]} 2. d3 {[%emt 0:00:26]} c5 {[%emt 0:00:10]} 3. e4 {[%emt 0:00:43]} d6 {[%emt 0:00:12]} 4. g3 {[%emt 0:01:18]} Nc6 {[%emt 0:00:26]} 5. Bg2 {[%emt 0:00:22]} g6 {[%emt 0:00:21]} 6. O-O {[%emt 0:00:58]} Bg7 {[%emt 0:00:11]} 7. Re1 {[%emt 0:02:30]} O-O {[%emt 0:00:21]} 8. c3 {[%emt 0:01:00]} Bd7 {[%emt 0:03:20]} 9. h3 {[%emt 0:06:50]} Rc8 {[%emt 0:03:33]} 10. Be3 {[%emt 0:05:13]} b5 {[%emt 0:00:23]} 11. Nbd2 {[%emt 0:01:03]} b4 {[%emt 0:01:05]} 12. a3 {[%emt 0:06:07]} bxc3 {[%emt 0:00:17]} 13. bxc3 {[%emt 0:00:04]} Qa5 {[%emt 0:02:00]} 14. Nc4 {[%emt 0:09:14]} Qa6 {[%emt 0:00:11]} 15. Bf1 {[%emt 0:00:06]} Na5 {[%emt 0:02:33]} 16. Ncd2 {[%emt 0:00:06]} Rfd8 {[%emt 0:09:12]} 17. Rb1 {[%emt 0:03:12]} Rb8 {[%emt 0:02:00]} 18. d4 {[%emt 0:01:03]} Rxb1 {[%emt 0:00:29]} 19. Qxb1 {[%emt 0:00:29]} Qc8 {[%emt 0:00:09]} 20. Qd3 {[%emt 0:04:36]} c4 {[%emt 0:01:25]} 21. Qc2 {[%emt 0:00:16]} d5 {[%emt 0:05:52]} 22. Bg5 {[%emt 0:03:09]} Nxe4 {[%emt 0:10:48]} 23. Nxe4 {[%emt 0:02:23]} dxe4 {[%emt 0:02:40]} 24. Qxe4 {[%emt 0:01:22]} Re8 {[%emt 0:02:05]} 25. Qd5 {[%emt 0:02:48]} Bc6 {[%emt 0:01:26]} 26. Qxa5 {[%emt 0:00:11]} Bxf3 {[%emt 0:00:03]} 27. Rxe7 {[%emt 0:00:52]} Rf8 {[%emt 0:03:09]} 28. Rxa7 {[%emt 0:03:39]} Qb8 {[%emt 0:03:27]} 29. Qc7 {[%emt 0:02:06]} 1-0

[Event "Norwegian Team Championship 2019"]
[Site "Drammen"]
[Date "2019.06.01"]
[Round "4.5"]
[White "Urkedal, Frode Olav Olsen"]
[Black "Kaasen, Tor Fredrik"]
[Result "1-0"]
[WhiteElo "2525"]
[BlackElo "2398"]
[Annotator "ChessBase"]
[PlyCount "155"]
[EventDate "2019.05.30"]
[EventType "swiss"]
[EventCountry "NOR"]
[SourceTitle "playchess.com"]
[Source "ChessBase"]
[SourceQuality "1"]
[TimeControl "40/5400:1800"]

1. d4 {[%emt 0:00:02]} Nf6 {[%emt 0:00:24]} 2. c4 {[%emt 0:00:04]} g6 {[%emt 0:00:21]} 3. Nc3 {[%emt 0:00:06]} d5 {[%emt 0:00:42]} 4. cxd5 {[%emt 0:00:26]} Nxd5 {[%emt 0:00:11]} 5. e4 {[%emt 0:00:29]} Nxc3 {[%emt 0:00:23]} 6. bxc3 {[%emt 0:00:06]} Bg7 {[%emt 0:00:04]} 7. Nf3 {[%emt 0:00:09]} c5 {[%emt 0:00:21]} 8. Rb1 {[%emt 0:00:34]} O-O {[%emt 0:01:47]} 9. Be2 {[%emt 0:03:21]} b6 {[%emt 0:00:48]} 10. O-O {[%emt 0:00:08]} Bb7 {[%emt 0:00:12]} 11. Qd3 {[%emt 0:00:17]} Ba6 {[%emt 0:00:57]} 12. Qe3 {[%emt 0:00:23]} Qd7 {[%emt 0:02:23]} 13. dxc5 {[%emt 0:09:26]} Bxe2 {[%emt 0:02:54]} 14. Qxe2 {[%emt 0:00:15]} bxc5 {[%emt 0:00:33]} 15. Qc4 {[%emt 0:15:16]} Qc6 {[%emt 0:04:07]} 16. a4 {[%emt 0:04:46]} Nd7 {[%emt 0:01:07]} 17. a5 {[%emt 0:00:10]} Qc7 {[%emt 0:06:17]} 18. Ra1 {[%emt 0:05:19]} Rab8 {[%emt 0:06:30]} 19. Be3 {[%emt 0:01:58]} Rfd8 {[%emt 0:09:41]} 20. g3 {[%emt 0:12:26]} Qc6 {[%emt 0:07:57]} 21. Rfd1 {[%emt 0:02:51]} a6 {[%emt 0:04:23]} 22. Bf4 {[%emt 0:10:15]} Rbc8 {[%emt 0:05:28]} 23. Rab1 {[%emt 0:01:35]} h6 {[%emt 0:03:34]} 24. h4 {[%emt 0:01:23]} Qf6 {[%emt 0:02:24]} 25. Rd3 {[%emt 0:02:08]} Nf8 {[%emt 0:06:08]} 26. Rb6 {[%emt 0:06:01]} Rxd3 {[%emt 0:03:28]} 27. Rxf6 {[%emt 0:00:09]} Rd1+ {[%emt 0:00:08]} 28. Kg2 {[%emt 0:00:04]} Bxf6 {[%emt 0:00:52]} 29. Qxa6 {[%emt 0:03:26]} Rdd8 {[%emt 0:01:41]} 30. Qb7 {[%emt 0:01:32]} Ne6 {[%emt 0:00:49]} 31. Be5 {[%emt 0:00:56]} g5 {[%emt 0:03:28]} 32. hxg5 {[%emt 0:00:36]} hxg5 {[%emt 0:00:04]} 33. Bxf6 {[%emt 0:00:02]} exf6 {[%emt 0:00:04]} 34. Qe7 {[%emt 0:00:15]} Rc6 {[%emt 0:02:21]} 35. e5 {[%emt 0:00:02]} g4 {[%emt 0:00:19]} 36. Nh4 {[%emt 0:00:11]} fxe5 {[%emt 0:01:59]} 37. Nf5 {[%emt 0:00:02]} Rf8 {[%emt 0:02:37]} 38. Qh4 {[%emt 0:00:03]} Ra6 {[%emt 0:00:38]} 39. Qxg4+ {[%emt 0:00:15]} Kh7 {[%emt 0:00:07]} 40. Qh5+ {[%emt 0:00:44]} Kg8 {[%emt 0:00:01]} 41. Qg4+ {[%emt 0:31:35]} Kh7 {[%emt 0:30:01]} 42. Qh5+ {[%emt 0:00:00]} Kg8 {[%emt 0:00:00]} 43. Ne7+ {[%emt 0:00:00]} Kg7 {[%emt 0:00:00]} 44. Qxe5+ {[%emt 0:00:00]} Kh7 {[%emt 0:00:00]} 45. Qh5+ {[%emt 0:00:00]} Kg7 {[%emt 0:00:00]} 46. Qg4+ {[%emt 0:00:00]} Kh7 {[%emt 0:00:00]} 47. Qh4+ {[%emt 0:00:00]} Kg7 {[%emt 0:00:00]} 48. Nf5+ {[%emt 0:00:00]} Kg8 {[%emt 0:00:00]} 49. Qg4+ {[%emt 0:00:00]} Kh7 {[%emt 0:00:00]} 50. Qh5+ {[%emt 0:00:00]} Kg8 {[%emt 0:00:00]} 51. Nh6+ {[%emt 0:00:00]} Kg7 {[%emt 0:00:00]} 52. Ng4 {[%emt 0:00:00]} Rh8 {[%emt 0:00:00]} 53. Qe5+ {[%emt 0:00:00]} Kg8 {[%emt 0:00:00]} 54. Nf6+ {[%emt 0:00:00]} Kg7 {[%emt 0:00:00]} 55. Ne4+ {[%emt 0:00:00]} Kg8 {[%emt 0:00:00]} 56. f4 {[%emt 0:00:00]} Rh6 {[%emt 0:00:00]} 57. f5 {[%emt 0:00:00]} Nf8 {[%emt 0:00:00]} 58. Qxc5 {[%emt 0:00:00]} Rhc6 {[%emt 0:00:00]} 59. Qd5 {[%emt 0:00:00]} Rc7 {[%emt 0:00:00]} 60. f6 {[%emt 0:00:00]} Ne6 {[%emt 0:00:00]} 61. Ng5 {[%emt 0:00:00]} Rc5 {[%emt 0:00:00]} 62. Qb7 {[%emt 0:00:00]} Nxg5 {[%emt 0:00:00]} 63. Qxa6 {[%emt 0:00:00]} Rxc3 {[%emt 0:00:00]} 64. Qb5 {[%emt 0:00:00]} Rc2+ {[%emt 0:00:00]} 65. Kf1 {[%emt 0:00:00]} Ne6 {[%emt 0:00:00]} 66. Qe8+ {[%emt 0:00:00]} Nf8 {[%emt 0:00:00]} 67. Qe3 {[%emt 0:00:00]} Rc6 {[%emt 0:00:00]} 68. Qg5+ {[%emt 0:00:00]} Ng6 {[%emt 0:00:00]} 69. Kg2 {[%emt 0:00:00]} Rc2+ {[%emt 0:00:00]} 70. Kh3 {[%emt 0:00:00]} Rc6 {[%emt 0:00:00]} 71. Qb5 {[%emt 0:00:00]} Rc3 {[%emt 0:00:00]} 72. Qe8+ {[%emt 0:00:00]} Kh7 {[%emt 0:00:00]} 73. Qxf7+ {[%emt 0:00:00]} Kh6 {[%emt 0:00:00]} 74. Qg7+ {[%emt 0:00:00]} Kg5 {[%emt 0:00:00]} 75. f7 {[%emt 0:00:00]} Rc8 {[%emt 0:00:00]} 76. a6 {[%emt 0:00:00]} Kf5 {[%emt 0:00:00]} 77. a7 {[%emt 0:00:00]} Nf8 {[%emt 0:00:00]} 78. Qg4+ {[%emt 0:00:00]} 1-0

[Event "Norwegian Team Championship 2019"]
[Site "Drammen"]
[Date "2019.06.01"]
[Round "4.6"]
[White "Fossum, Oystein Boyum"]
[Black "Risting, Eivind Olav"]
[Result "1/2-1/2"]
[WhiteElo "2258"]
[BlackElo "2357"]
[Annotator "ChessBase"]
[PlyCount "50"]
[EventDate "2019.05.30"]
[EventType "swiss"]
[EventCountry "NOR"]
[SourceTitle "playchess.com"]
[Source "ChessBase"]
[SourceQuality "1"]
[TimeControl "40/5400:1800"]

1. Nf3 {[%emt 0:00:04]} d5 {[%emt 0:00:28]} 2. c4 {[%emt 0:00:35]} d4 {[%emt 0:00:31]} 3. e3 {[%emt 0:03:12]} Nc6 {[%emt 0:00:46]} 4. d3 {[%emt 0:02:45]} g6 {[%emt 0:07:52]} 5. Be2 {[%emt 0:05:07]} Bg7 {[%emt 0:01:12]} 6. O-O {[%emt 0:00:57]} Nh6 {[%emt 0:05:25]} 7. Na3 {[%emt 0:05:56]} dxe3 {[%emt 0:08:13]} 8. fxe3 {[%emt 0:00:30]} e5 {[%emt 0:00:36]} 9. Nc2 {[%emt 0:11:13]} Nf5 {[%emt 0:04:11]} 10. Rb1 {[%emt 0:07:36]} a5 {[%emt 0:01:11]} 11. b3 {[%emt 0:06:52]} O-O {[%emt 0:04:15]} 12. a3 {[%emt 0:01:08]} Qe7 {[%emt 0:03:26]} 13. e4 {[%emt 0:03:41]} Nfd4 {[%emt 0:12:36]} 14. Nfxd4 {[%emt 0:01:39]} Nxd4 {[%emt 0:08:57]} 15. Nxd4 {[%emt 0:00:43]} exd4 {[%emt 0:01:29]} 16. Bg4 {[%emt 0:01:11]} Be5 {[%emt 0:02:37]} 17. Bxc8 {[%emt 0:02:28]} Rfxc8 {[%emt 0:00:24]} 18. Qg4 {[%emt 0:05:24]} h5 {[%emt 0:03:46]} 19. Qh3 {[%emt 0:01:38]} Re8 {[%emt 0:03:52]} 20. a4 {[%emt 0:06:49]} Kg7 {[%emt 0:04:51]} 21. Bd2 {[%emt 0:00:46]} b6 {[%emt 0:00:32]} 22. Rfc1 {[%emt 0:05:00]} Bd6 {[%emt 0:01:39]} 23. Rf1 {[%emt 0:00:21]} Be5 {[%emt 0:00:12]} 24. Rfc1 {[%emt 0:00:14]} Bd6 {[%emt 0:00:36]} 25. Rf1 {[%emt 0:00:17]} Be5 {[%emt 0:00:08]} 1/2-1/2

[Event "Norwegian Team Championship 2019"]
[Site "Drammen"]
[Date "2019.06.01"]
[Round "4.7"]
[White "Gandrud, Vegar Koi"]
[Black "Kvisvik, Brede Alex."]
[Result "1/2-1/2"]
[WhiteElo "2325"]
[BlackElo "2244"]
[Annotator "ChessBase"]
[PlyCount "80"]
[EventDate "2019.05.30"]
[EventType "swiss"]
[EventCountry "NOR"]
[SourceTitle "playchess.com"]
[Source "ChessBase"]
[SourceQuality "1"]
[TimeControl "40/5400:1800"]

1. d4 {[%emt 0:00:02]} e6 {[%emt 0:00:06]} 2. c4 {[%emt 0:00:04]} Bb4+ {[%emt 0:00:05]} 3. Nd2 {[%emt 0:00:09]} Nf6 {[%emt 0:00:48]} 4. Ngf3 {[%emt 0:01:27]} O-O {[%emt 0:00:18]} 5. a3 {[%emt 0:00:13]} Be7 {[%emt 0:00:19]} 6. e4 {[%emt 0:00:14]} d6 {[%emt 0:00:16]} 7. Be2 {[%emt 0:01:22]} Nc6 {[%emt 0:02:20]} 8. b4 {[%emt 0:05:19]} e5 {[%emt 0:00:49]} 9. Bb2 {[%emt 0:01:05]} Nxd4 {[%emt 0:01:31]} 10. Nxd4 {[%emt 0:00:26]} exd4 {[%emt 0:00:02]} 11. Bxd4 {[%emt 0:00:15]} Nd7 {[%emt 0:00:36]} 12. O-O {[%emt 0:01:19]} Bf6 {[%emt 0:00:20]} 13. Nb3 {[%emt 0:02:52]} Re8 {[%emt 0:01:17]} 14. f3 {[%emt 0:07:00]} Be5 {[%emt 0:07:27]} 15. f4 {[%emt 0:07:10]} Bxd4+ {[%emt 0:06:32]} 16. Qxd4 {[%emt 0:00:37]} Qf6 {[%emt 0:09:17]} 17. Bd3 {[%emt 0:09:40]} Qxd4+ {[%emt 0:03:03]} 18. Nxd4 {[%emt 0:00:06]} a6 {[%emt 0:00:13]} 19. Rfe1 {[%emt 0:05:29]} Nf8 {[%emt 0:04:02]} 20. Rac1 {[%emt 0:01:29]} Rd8 {[%emt 0:07:05]} 21. Be2 {[%emt 0:03:07]} Bd7 {[%emt 0:05:42]} 22. Bf3 {[%emt 0:00:56]} a5 {[%emt 0:00:49]} 23. b5 {[%emt 0:02:27]} Bc8 {[%emt 0:03:14]} 24. Rcd1 {[%emt 0:06:15]} Nd7 {[%emt 0:07:13]} 25. e5 {[%emt 0:00:28]} Nc5 {[%emt 0:00:03]} 26. exd6 {[%emt 0:05:17]} cxd6 {[%emt 0:00:02]} 27. Re7 {[%emt 0:09:52]} Kf8 {[%emt 0:01:15]} 28. Rc7 {[%emt 0:00:16]} Rd7 {[%emt 0:03:25]} 29. Rxd7 {[%emt 0:01:23]} Bxd7 {[%emt 0:00:21]} 30. Nc2 {[%emt 0:00:50]} Be6 {[%emt 0:03:04]} 31. Ne3 {[%emt 0:00:48]} Rd8 {[%emt 0:00:15]} 32. f5 {[%emt 0:01:22]} Bc8 {[%emt 0:00:07]} 33. Kf2 {[%emt 0:00:51]} g6 {[%emt 0:00:49]} 34. g4 {[%emt 0:00:14]} Kg7 {[%emt 0:01:10]} 35. Kg3 {[%emt 0:01:09]} h5 {[%emt 0:01:46]} 36. h3 {[%emt 0:05:43]} hxg4 {[%emt 0:02:14]} 37. hxg4 {[%emt 0:00:03]} Re8 {[%emt 0:01:04]} 38. Kf2 {[%emt 0:00:13]} Rd8 {[%emt 0:01:03]} 39. Kg3 {[%emt 0:00:15]} Re8 {[%emt 0:00:05]} 40. Kf2 {[%emt 0:00:48]} Rd8 {[%emt 0:01:34]} 1/2-1/2

[Event "Norwegian Team Championship 2019"]
[Site "Drammen"]
[Date "2019.06.01"]
[Round "4.8"]
[White "Stenersen, Gudmund"]
[Black "Storme, Isak"]
[Result "1-0"]
[WhiteElo "2183"]
[BlackElo "2309"]
[Annotator "ChessBase"]
[PlyCount "51"]
[EventDate "2019.05.30"]
[EventType "swiss"]
[EventCountry "NOR"]
[SourceTitle "playchess.com"]
[Source "ChessBase"]
[SourceQuality "1"]
[TimeControl "40/5400:1800"]

1. e4 {[%emt 0:00:02]} e5 {[%emt 0:00:08]} 2. Nf3 {[%emt 0:00:05]} Nc6 {[%emt 0:00:05]} 3. Bc4 {[%emt 0:00:07]} Nf6 {[%emt 0:00:08]} 4. Ng5 {[%emt 0:00:10]} d5 {[%emt 0:00:11]} 5. exd5 {[%emt 0:00:09]} Na5 {[%emt 0:00:07]} 6. Bb5+ {[%emt 0:00:06]} c6 {[%emt 0:00:09]} 7. dxc6 {[%emt 0:00:06]} bxc6 {[%emt 0:00:06]} 8. Bd3 {[%emt 0:00:07]} Nd5 {[%emt 0:07:50]} 9. Nf3 {[%emt 0:01:29]} Nf4 {[%emt 0:06:49]} 10. O-O {[%emt 0:00:58]} Bd6 {[%emt 0:05:56]} 11. Re1 {[%emt 0:01:33]} Nxd3 {[%emt 0:04:14]} 12. cxd3 {[%emt 0:00:23]} O-O {[%emt 0:05:29]} 13. Nxe5 {[%emt 0:02:56]} c5 {[%emt 0:20:03]} 14. Na3 {[%emt 0:12:30]} Bb7 {[%emt 0:06:46]} 15. Nac4 {[%emt 0:04:34]} Nxc4 {[%emt 0:01:20]} 16. dxc4 {[%emt 0:02:20]} Re8 {[%emt 0:06:26]} 17. d4 {[%emt 0:05:42]} cxd4 {[%emt 0:00:04]} 18. Bf4 {[%emt 0:09:38]} Qf6 {[%emt 0:00:23]} 19. Qxd4 {[%emt 0:00:21]} g5 {[%emt 0:05:38]} 20. Bg3 {[%emt 0:01:35]} Bb4 {[%emt 0:03:21]} 21. Re3 {[%emt 0:08:39]} Rad8 {[%emt 0:01:03]} 22. Qg4 {[%emt 0:00:36]} Bc5 {[%emt 0:03:48]} 23. Nd7 {[%emt 0:00:46]} Qxb2 {[%emt 0:00:43]} 24. Qxg5+ {[%emt 0:00:40]} Kh8 {[%emt 0:00:18]} 25. Be5+ {[%emt 0:01:54]} Qxe5 {[%emt 0:00:50]} 26. Nxe5 {[%emt 0:02:04]} 1-0

[Event "Norwegian Team Championship 2019"]
[Site "Drammen"]
[Date "2019.06.01"]
[Round "4.9"]
[White "Hansen, Pal Andreas"]
[Black "Haldorsen, Benjamin"]
[Result "1/2-1/2"]
[WhiteElo "2118"]
[BlackElo "2437"]
[Annotator "ChessBase"]
[PlyCount "77"]
[EventDate "2019.05.30"]
[EventType "swiss"]
[EventCountry "NOR"]
[SourceTitle "playchess.com"]
[Source "ChessBase"]
[SourceQuality "1"]
[TimeControl "40/5400:1800"]

1. d4 {[%emt 0:00:03]} Nf6 {[%emt 0:00:23]} 2. c4 {[%emt 0:00:07]} c5 {[%emt 0:00:17]} 3. d5 {[%emt 0:00:11]} b5 {[%emt 0:00:38]} 4. cxb5 {[%emt 0:00:07]} a6 {[%emt 0:00:04]} 5. bxa6 {[%emt 0:00:24]} g6 {[%emt 0:01:28]} 6. Nc3 {[%emt 0:00:08]} Bxa6 {[%emt 0:00:13]} 7. Nf3 {[%emt 0:00:18]} d6 {[%emt 0:00:23]} 8. e4 {[%emt 0:00:20]} Bxf1 {[%emt 0:00:04]} 9. Kxf1 {[%emt 0:00:07]} Bg7 {[%emt 0:00:03]} 10. g3 {[%emt 0:00:20]} O-O {[%emt 0:00:03]} 11. Kg2 {[%emt 0:00:31]} Qb6 {[%emt 0:03:04]} 12. Re1 {[%emt 0:04:44]} Nbd7 {[%emt 0:01:29]} 13. a4 {[%emt 0:04:59]} Rfb8 {[%emt 0:05:53]} 14. Ra3 {[%emt 0:00:53]} Ng4 {[%emt 0:01:29]} 15. Nd2 {[%emt 0:10:06]} Nge5 {[%emt 0:13:35]} 16. Qe2 {[%emt 0:00:31]} Qa6 {[%emt 0:11:41]} 17. Nb5 {[%emt 0:00:56]} Nb6 {[%emt 0:01:08]} 18. f4 {[%emt 0:01:14]} Ned7 {[%emt 0:01:24]} 19. b3 {[%emt 0:00:50]} Qa5 {[%emt 0:04:52]} 20. Nc4 {[%emt 0:05:26]} Nxc4 {[%emt 0:00:35]} 21. bxc4 {[%emt 0:00:09]} Qb4 {[%emt 0:00:58]} 22. Bd2 {[%emt 0:00:32]} Qb2 {[%emt 0:00:03]} 23. Qd3 {[%emt 0:00:07]} Rxb5 {[%emt 0:01:50]} 24. cxb5 {[%emt 0:00:39]} c4 {[%emt 0:00:04]} 25. Qe3 {[%emt 0:01:29]} Bd4 {[%emt 0:04:51]} 26. Rb1 {[%emt 0:00:41]} Qxb1 {[%emt 0:00:23]} 27. Qxd4 {[%emt 0:00:09]} Nc5 {[%emt 0:03:09]} 28. Qxc4 {[%emt 0:03:04]} Nxe4 {[%emt 0:00:28]} 29. Bc1 {[%emt 0:05:04]} Rb8 {[%emt 0:04:55]} 30. Re3 {[%emt 0:08:06]} f5 {[%emt 0:02:44]} 31. Rb3 {[%emt 0:05:17]} Qa2+ {[%emt 0:00:17]} 32. Bb2 {[%emt 0:00:20]} Kf7 {[%emt 0:00:20]} 33. Rb4 {[%emt 0:01:15]} Qb1 {[%emt 0:00:50]} 34. Bc1 {[%emt 0:02:23]} Qa1 {[%emt 0:00:01]} 35. Rb2 {[%emt 0:01:43]} Nc5 {[%emt 0:00:36]} 36. Ra2 {[%emt 0:01:04]} Qb1 {[%emt 0:00:01]} 37. Rb2 {[%emt 0:01:19]} Qa1 {[%emt 0:00:04]} 38. Ra2 {[%emt 0:00:24]} Qb1 {[%emt 0:00:04]} 39. Rb2 {[%emt 0:01:03]} 1/2-1/2

[Event "Norwegian Team Championship 2019"]
[Site "Drammen"]
[Date "2019.06.01"]
[Round "4.10"]
[White "Nilsen, Joachim Birger"]
[Black "Hagen, Brede Andre Larsen"]
[Result "1-0"]
[WhiteElo "2401"]
[BlackElo "2041"]
[Annotator "ChessBase"]
[PlyCount "53"]
[EventDate "2019.05.30"]
[EventType "swiss"]
[EventCountry "NOR"]
[SourceTitle "playchess.com"]
[Source "ChessBase"]
[SourceQuality "1"]
[TimeControl "40/5400:1800"]

1. d4 {[%emt 0:00:03]} Nf6 {[%emt 0:00:21]} 2. c4 {[%emt 0:00:14]} c5 {[%emt 0:00:18]} 3. d5 {[%emt 0:00:47]} e6 {[%emt 0:00:10]} 4. Nc3 {[%emt 0:00:10]} exd5 {[%emt 0:00:27]} 5. cxd5 {[%emt 0:00:07]} d6 {[%emt 0:00:12]} 6. Nf3 {[%emt 0:01:00]} g6 {[%emt 0:00:31]} 7. Bf4 {[%emt 0:00:48]} a6 {[%emt 0:01:16]} 8. Nd2 {[%emt 0:01:16]} Nh5 {[%emt 0:19:35]} 9. Qa4+ {[%emt 0:02:53]} Qd7 {[%emt 0:03:45]} 10. Qe4+ {[%emt 0:00:18]} Qe7 {[%emt 0:02:22]} 11. Bxd6 {[%emt 0:01:20]} Qxe4 {[%emt 0:02:16]} 12. Ndxe4 {[%emt 0:00:25]} Nd7 {[%emt 0:02:50]} 13. Bxf8 {[%emt 0:09:31]} Kxf8 {[%emt 0:01:04]} 14. a4 {[%emt 0:01:56]} b6 {[%emt 0:01:15]} 15. e3 {[%emt 0:01:07]} f5 {[%emt 0:02:35]} 16. Nd6 {[%emt 0:02:15]} Ke7 {[%emt 0:00:52]} 17. Nc4 {[%emt 0:00:56]} Nhf6 {[%emt 0:02:45]} 18. Be2 {[%emt 0:00:45]} Ne8 {[%emt 0:07:20]} 19. f4 {[%emt 0:10:28]} Rb8 {[%emt 0:09:55]} 20. Ne5 {[%emt 0:02:59]} Ra8 {[%emt 0:01:37]} 21. d6+ {[%emt 0:02:20]} Nxd6 {[%emt 0:08:05]} 22. Nd5+ {[%emt 0:03:04]} Kd8 {[%emt 0:00:33]} 23. Nc6+ {[%emt 0:01:15]} Ke8 {[%emt 0:00:31]} 24. Nc7+ {[%emt 0:00:19]} Kf7 {[%emt 0:02:19]} 25. Rd1 {[%emt 0:01:43]} Bb7 {[%emt 0:01:19]} 26. Rxd6 {[%emt 0:01:10]} Bxc6 {[%emt 0:00:12]} 27. Nxa8 {[%emt 0:00:16]} 1-0